| 000 | 01261nam a2200337 a 4500 | ||
|---|---|---|---|
| 001 | 000116177 | ||
| 003 | CHAP | ||
| 005 | 20220329144604.0 | ||
| 008 | 190927s2019 mx a |sm |||||||spa d | ||
| 010 | _a112638 | ||
| 011 | _a113610 | ||
| 040 | _cCHAP | ||
| 090 | _aTesis | ||
| 100 | 1 |
_aCristobal Muñoz, Irouri. _9136926 |
|
| 245 | 1 | 0 |
_aMedición y análisis del patrón de humedecimiento en riego por goteo superficial en un suelo franco arcillo arenoso _h[En línea] _cpor Irouri Cristobal Muños. |
| 260 |
_aChapingo, Méx. : _bEl autor, _c2019. |
||
| 500 | _aPara ver el contenido del material haga clic en la liga | ||
| 502 | _aTesis (Ing. en Irrigación) -- UACH. Departamento de Irrigación | ||
| 590 |
_aBATCH-UPD _b05 _c20190927 _lUCH01 _h1216 |
||
| 590 |
_aE11695DGD _b10 _c20190927 _lUCH01 _h1445 |
||
| 590 |
_aE6339RRR _b05 _c20190927 _lUCH01 _h1215 |
||
| 590 |
_aE6339RRR _b05 _c20190927 _lUCH01 _h1216 |
||
| 650 | 1 | 4 |
_aHumedad _xModélos matemáticos. _9133520 |
| 650 | 1 | 4 |
_aIrrigación _xInnovaciones tecnológicas. _960424 |
| 650 | 1 | 4 |
_aRiego por goteo. _997380 |
| 650 | 1 | 4 |
_aSuelos _xHumedad _xMedición. _9128690 |
| 856 |
_aFinding aid _uhttp://10.13.5.2/tesis/sist116177.pdf _zTeclea aquí |
||
| 901 | _aBK | ||
| 942 | _cTESIS | ||
| 942 | _n0 | ||
| 999 |
_c112638 _d112638 |
||